1108 1428 1520 1822 1791 1984 1141 1078 1640 1403 1610 1315 1776 1365 1521 1163 1580 1951 1597 1442 1573 1990 1697 1213 1381 1229 1915 1851 1175 1904 1067 1324 1659 1748 1046 1645 1616 1333 1703 1651 1162 1075 1424 1767 1141 1295 1738 1857 1894 1654 1795 1559 1933 1724 1438 1721 1254 1678 1721 1277 1114 1070 1191 1250 1532 1025 1201 1737 1476 1771 1836 1515 1286 1768 1636 1870 1617 1603 1868 1894 1757 1726 1503 1093 1925 1893 1354 1850 1599 1648 1662 1986 1458 1087 1442 1726 1899 1157 1916 BCNSPRNW ULIB Ver.6.0+V

เปลี่ยนเป็นภาษาไทย

Change to English
 แสดงรายละเอียดบรรณานุกรม
  กลับหน้าหลัก

Brief Record : Get Marc (ISO 2709) : E-mail record : QR code < ปิดหน้าต่าง
LEADER : 00000nam 2200000uu 4500
001    13399115005
003     ULIB
008    120628s2541||||th 000 0 tha d
020    9746610716
060  4 WY100^bก211
100 0  ฟาริดา อิบราฮิม
245 00 กระบวนการพยาบาล^bบรรณาธิการโดยฟาริดา อิบราฮิม
260    นครปฐม:^bโครงการพัฒนาตำราสาขาพยาบาลศาสตร์ คณะพยาบาลศาสตร มหาวิทยาลัยมหิดล,^c2541
945    ^p0^l0^i011419
999 ^a ทศพร
รายการนี้ยังไม่มีแท็ก
คุณยังไม่ได้ล็อกอิน คุณสามารถมีกิจกรรมร่วมกับเว็บไซต์ได้ แต่ต้องล็อกอินก่อน ::
  ล็อกอิน

รายการสื่อสารสนเทศ

ลำดับที่ ประเภท เลขเรียก/บาร์โค้ด สถานที่ สถานะ
- ไม่พบข้อมูล -

BibComment


ยังไม่เคยถูกคอมเมนท์

คอมเมนท์ทรัพยากรรายการนี้
  คอมเมนท์: กระบวนการพยาบาล บ..


 Copyright 2026. Bcnsprnw @Library